<?xml version="1.0" encoding="UTF-8"?>
<record
    xmlns:xsi="http://www.w3.org/2001/XMLSchema-instance"
    xsi:schemaLocation="http://www.loc.gov/MARC21/slim http://www.loc.gov/standards/marcxml/schema/MARC21slim.xsd"
    xmlns="http://www.loc.gov/MARC21/slim">

  <leader>01184nam a22002297a 4500</leader>
  <datafield tag="999" ind1=" " ind2=" ">
    <subfield code="c">64186</subfield>
    <subfield code="d">64186</subfield>
  </datafield>
  <controlfield tag="003">Ge_BSU</controlfield>
  <controlfield tag="005">20260428122052.0</controlfield>
  <controlfield tag="008">260428s1997    ge ||||| |||| 00| 0 geo d</controlfield>
  <datafield tag="020" ind1=" " ind2=" ">
    <subfield code="a">551100703X</subfield>
  </datafield>
  <datafield tag="041" ind1=" " ind2=" ">
    <subfield code="a">geo</subfield>
  </datafield>
  <datafield tag="080" ind1=" " ind2=" ">
    <subfield code="a">339.5 : 658.562 &#x10D7;-67</subfield>
  </datafield>
  <datafield tag="100" ind1=" " ind2=" ">
    <subfield code="a">&#x10D7;&#x10DD;&#x10D3;&#x10E3;&#x10D0;, &#x10DC;&#x10E3;&#x10D2;&#x10D6;&#x10D0;&#x10E0;</subfield>
    <subfield code="9">13294</subfield>
  </datafield>
  <datafield tag="245" ind1=" " ind2=" ">
    <subfield code="a">&#x10E1;&#x10D0;&#x10E5;&#x10DD;&#x10DC;&#x10DA;&#x10D8;&#x10E1; &#x10D4;&#x10E5;&#x10E1;&#x10DE;&#x10D4;&#x10E0;&#x10E2;&#x10D8;&#x10D6;&#x10D0; &#x10E1;&#x10D0;&#x10D4;&#x10E0;&#x10D7;&#x10D0;&#x10E8;&#x10DD;&#x10E0;&#x10D8;&#x10E1;&#x10DD; &#x10D5;&#x10D0;&#x10ED;&#x10E0;&#x10DD;&#x10D1;&#x10D0;&#x10E8;&#x10D8; / </subfield>
    <subfield code="c">&#x10DC;. &#x10D7;&#x10DD;&#x10D3;&#x10E3;&#x10D0;, &#x10D2;. &#x10DC;&#x10D0;&#x10D3;&#x10D8;&#x10E0;&#x10D0;&#x10E8;&#x10D5;&#x10D8;&#x10DA;&#x10D8;; [&#x10E0;&#x10D4;&#x10D3;.: &#x10D8;. &#x10D0;&#x10D3;&#x10D4;&#x10D8;&#x10E8;&#x10D5;&#x10D8;&#x10DA;&#x10D8;].</subfield>
  </datafield>
  <datafield tag="264" ind1=" " ind2=" ">
    <subfield code="a">&#x10D7;&#x10D1;. : </subfield>
    <subfield code="b">&#x10D7;&#x10D1;&#x10D8;&#x10DA;. &#x10E3;&#x10DC;-&#x10E2;&#x10D8;&#x10E1; &#x10D2;&#x10D0;&#x10DB;-&#x10D1;&#x10D0;, </subfield>
    <subfield code="c">1997 .</subfield>
  </datafield>
  <datafield tag="300" ind1=" " ind2=" ">
    <subfield code="a">324&#x10D2;&#x10D5;. ;</subfield>
    <subfield code="b"> 27&#x10E1;&#x10DB;.</subfield>
  </datafield>
  <datafield tag="500" ind1=" " ind2=" ">
    <subfield code="a">&#x10EC;&#x10D8;&#x10D2;&#x10DC;&#x10D8; &#x10D3;&#x10D0;&#x10D8;&#x10D1;&#x10D4;&#x10ED;&#x10D3;&#x10D0; &#x10D8;&#x10E3;&#x10DC;&#x10D4;&#x10E1;&#x10D9;&#x10DD;&#x10E1; &#x10E4;&#x10D8;&#x10DC;&#x10D0;&#x10DC;&#x10E1;&#x10E3;&#x10E0;&#x10D8; &#x10D3;&#x10D0;&#x10EE;&#x10DB;&#x10D0;&#x10E0;&#x10D4;&#x10D1;&#x10D8;&#x10D7;</subfield>
  </datafield>
  <datafield tag="653" ind1=" " ind2=" ">
    <subfield code="a">&#x10E1;&#x10D0;&#x10E5;&#x10DD;&#x10DC;&#x10DA;&#x10D8;&#x10E1; &#x10D4;&#x10E5;&#x10E1;&#x10DE;&#x10D4;&#x10E0;&#x10E2;&#x10D8;&#x10D6;&#x10D0;</subfield>
  </datafield>
  <datafield tag="653" ind1=" " ind2=" ">
    <subfield code="a">&#x10E1;&#x10D0;&#x10D4;&#x10E0;&#x10D7;&#x10D0;&#x10E8;&#x10DD;&#x10E0;&#x10D8;&#x10E1;&#x10DD; &#x10D5;&#x10D0;&#x10ED;&#x10E0;&#x10DD;&#x10D1;&#x10D0;</subfield>
  </datafield>
  <datafield tag="700" ind1=" " ind2=" ">
    <subfield code="a">&#x10DC;&#x10D0;&#x10D3;&#x10D8;&#x10E0;&#x10D0;&#x10E8;&#x10D5;&#x10D8;&#x10DA;&#x10D8;, &#x10D2;&#x10D0;&#x10D8;&#x10DD;&#x10D6;</subfield>
    <subfield code="e">&#x10D0;&#x10D5;&#x10E2;&#x10DD;&#x10E0;&#x10D8;</subfield>
    <subfield code="9">27387</subfield>
  </datafield>
  <datafield tag="700" ind1=" " ind2=" ">
    <subfield code="a">&#x10D0;&#x10D3;&#x10D4;&#x10D8;&#x10E8;&#x10D5;&#x10D8;&#x10DA;&#x10D8;, &#x10D8;.</subfield>
    <subfield code="e">&#x10E0;&#x10D4;&#x10D3;&#x10D0;&#x10E5;&#x10E2;&#x10DD;&#x10E0;&#x10D8;</subfield>
    <subfield code="9">27388</subfield>
  </datafield>
  <datafield tag="942" ind1=" " ind2=" ">
    <subfield code="2">udc</subfield>
    <subfield code="c">&#x1CAC;&#x1C98;&#x1C92;&#x1C9C;&#x1C98;</subfield>
  </datafield>
  <datafield tag="952" ind1=" " ind2=" ">
    <subfield code="0">0</subfield>
    <subfield code="1">0</subfield>
    <subfield code="2">udc</subfield>
    <subfield code="4">0</subfield>
    <subfield code="6">3395__658562_&#x10D7;67</subfield>
    <subfield code="7">0</subfield>
    <subfield code="9">106114</subfield>
    <subfield code="a">CPL</subfield>
    <subfield code="b">CPL</subfield>
    <subfield code="c">GEN</subfield>
    <subfield code="d">2026-04-28</subfield>
    <subfield code="g">15.00</subfield>
    <subfield code="o">339.5 : 658.562 &#x10D7;-67</subfield>
    <subfield code="p">74407</subfield>
    <subfield code="r">2026-04-28</subfield>
    <subfield code="t">74407</subfield>
    <subfield code="w">2026-04-28</subfield>
    <subfield code="y">&#x1CAC;&#x1C98;&#x1C92;&#x1C9C;&#x1C98;</subfield>
    <subfield code="z">15 &#x10DA;.</subfield>
  </datafield>
  <datafield tag="952" ind1=" " ind2=" ">
    <subfield code="0">0</subfield>
    <subfield code="1">0</subfield>
    <subfield code="2">udc</subfield>
    <subfield code="4">0</subfield>
    <subfield code="6">3395__658562_&#x10D7;67</subfield>
    <subfield code="7">0</subfield>
    <subfield code="9">106115</subfield>
    <subfield code="a">CPL</subfield>
    <subfield code="b">CPL</subfield>
    <subfield code="c">GEN</subfield>
    <subfield code="d">2026-04-28</subfield>
    <subfield code="g">15.00</subfield>
    <subfield code="o">339.5 : 658.562 &#x10D7;-67</subfield>
    <subfield code="p">74408</subfield>
    <subfield code="r">2026-04-28</subfield>
    <subfield code="t">74408</subfield>
    <subfield code="w">2026-04-28</subfield>
    <subfield code="y">&#x1CAC;&#x1C98;&#x1C92;&#x1C9C;&#x1C98;</subfield>
    <subfield code="z">15 &#x10DA;.</subfield>
  </datafield>
  <datafield tag="952" ind1=" " ind2=" ">
    <subfield code="0">0</subfield>
    <subfield code="1">0</subfield>
    <subfield code="2">udc</subfield>
    <subfield code="4">0</subfield>
    <subfield code="6">3395__658562_&#x10D7;67</subfield>
    <subfield code="7">0</subfield>
    <subfield code="9">106116</subfield>
    <subfield code="a">CPL</subfield>
    <subfield code="b">CPL</subfield>
    <subfield code="c">GEN</subfield>
    <subfield code="d">2026-04-28</subfield>
    <subfield code="g">15.00</subfield>
    <subfield code="o">339.5 : 658.562 &#x10D7;-67</subfield>
    <subfield code="p">74409</subfield>
    <subfield code="r">2026-04-28</subfield>
    <subfield code="t">74409</subfield>
    <subfield code="w">2026-04-28</subfield>
    <subfield code="y">&#x1CAC;&#x1C98;&#x1C92;&#x1C9C;&#x1C98;</subfield>
    <subfield code="z">15 &#x10DA;.</subfield>
  </datafield>
  <datafield tag="952" ind1=" " ind2=" ">
    <subfield code="0">0</subfield>
    <subfield code="1">0</subfield>
    <subfield code="2">udc</subfield>
    <subfield code="4">0</subfield>
    <subfield code="6">3395__658562_&#x10D7;67</subfield>
    <subfield code="7">0</subfield>
    <subfield code="9">106117</subfield>
    <subfield code="a">CPL</subfield>
    <subfield code="b">CPL</subfield>
    <subfield code="c">GEN</subfield>
    <subfield code="d">2026-04-28</subfield>
    <subfield code="g">15.00</subfield>
    <subfield code="o">339.5 : 658.562 &#x10D7;-67</subfield>
    <subfield code="p">74410</subfield>
    <subfield code="r">2026-04-28</subfield>
    <subfield code="t">74410</subfield>
    <subfield code="w">2026-04-28</subfield>
    <subfield code="y">&#x1CAC;&#x1C98;&#x1C92;&#x1C9C;&#x1C98;</subfield>
    <subfield code="z">15 &#x10DA;.</subfield>
  </datafield>
  <datafield tag="952" ind1=" " ind2=" ">
    <subfield code="0">0</subfield>
    <subfield code="1">0</subfield>
    <subfield code="2">udc</subfield>
    <subfield code="4">0</subfield>
    <subfield code="6">3395__658562_&#x10D7;67</subfield>
    <subfield code="7">0</subfield>
    <subfield code="9">106118</subfield>
    <subfield code="a">CPL</subfield>
    <subfield code="b">CPL</subfield>
    <subfield code="c">GEN</subfield>
    <subfield code="d">2026-04-28</subfield>
    <subfield code="g">15.00</subfield>
    <subfield code="o">339.5 : 658.562 &#x10D7;-67</subfield>
    <subfield code="p">74411</subfield>
    <subfield code="r">2026-04-28</subfield>
    <subfield code="t">74411</subfield>
    <subfield code="w">2026-04-28</subfield>
    <subfield code="y">&#x1CAC;&#x1C98;&#x1C92;&#x1C9C;&#x1C98;</subfield>
    <subfield code="z">15 &#x10DA;.</subfield>
  </datafield>
  <datafield tag="952" ind1=" " ind2=" ">
    <subfield code="0">0</subfield>
    <subfield code="1">0</subfield>
    <subfield code="2">udc</subfield>
    <subfield code="4">0</subfield>
    <subfield code="6">3395__658562_&#x10D7;67</subfield>
    <subfield code="7">0</subfield>
    <subfield code="9">106119</subfield>
    <subfield code="a">CPL</subfield>
    <subfield code="b">CPL</subfield>
    <subfield code="c">GEN</subfield>
    <subfield code="d">2026-04-28</subfield>
    <subfield code="g">15.00</subfield>
    <subfield code="o">339.5 : 658.562 &#x10D7;-67</subfield>
    <subfield code="p">74412</subfield>
    <subfield code="r">2026-04-28</subfield>
    <subfield code="t">74412</subfield>
    <subfield code="w">2026-04-28</subfield>
    <subfield code="y">&#x1CAC;&#x1C98;&#x1C92;&#x1C9C;&#x1C98;</subfield>
    <subfield code="z">15 &#x10DA;.</subfield>
  </datafield>
  <datafield tag="952" ind1=" " ind2=" ">
    <subfield code="0">0</subfield>
    <subfield code="1">0</subfield>
    <subfield code="2">udc</subfield>
    <subfield code="4">0</subfield>
    <subfield code="6">3395__658562_&#x10D7;67</subfield>
    <subfield code="7">0</subfield>
    <subfield code="9">106120</subfield>
    <subfield code="a">CPL</subfield>
    <subfield code="b">CPL</subfield>
    <subfield code="c">GEN</subfield>
    <subfield code="d">2026-04-28</subfield>
    <subfield code="g">15.00</subfield>
    <subfield code="o">339.5 : 658.562 &#x10D7;-67</subfield>
    <subfield code="p">74413</subfield>
    <subfield code="r">2026-04-28</subfield>
    <subfield code="t">74413</subfield>
    <subfield code="w">2026-04-28</subfield>
    <subfield code="y">&#x1CAC;&#x1C98;&#x1C92;&#x1C9C;&#x1C98;</subfield>
    <subfield code="z">15 &#x10DA;.</subfield>
  </datafield>
  <datafield tag="952" ind1=" " ind2=" ">
    <subfield code="0">0</subfield>
    <subfield code="1">0</subfield>
    <subfield code="2">udc</subfield>
    <subfield code="4">0</subfield>
    <subfield code="6">3395__658562_&#x10D7;67</subfield>
    <subfield code="7">0</subfield>
    <subfield code="9">106121</subfield>
    <subfield code="a">CPL</subfield>
    <subfield code="b">CPL</subfield>
    <subfield code="c">GEN</subfield>
    <subfield code="d">2026-04-28</subfield>
    <subfield code="g">15.00</subfield>
    <subfield code="o">339.5 : 658.562 &#x10D7;-67</subfield>
    <subfield code="p">74414</subfield>
    <subfield code="r">2026-04-28</subfield>
    <subfield code="t">74414</subfield>
    <subfield code="w">2026-04-28</subfield>
    <subfield code="y">&#x1CAC;&#x1C98;&#x1C92;&#x1C9C;&#x1C98;</subfield>
    <subfield code="z">15 &#x10DA;.</subfield>
  </datafield>
  <datafield tag="952" ind1=" " ind2=" ">
    <subfield code="0">0</subfield>
    <subfield code="1">0</subfield>
    <subfield code="2">udc</subfield>
    <subfield code="4">0</subfield>
    <subfield code="6">3395__658562_&#x10D7;67</subfield>
    <subfield code="7">0</subfield>
    <subfield code="9">106122</subfield>
    <subfield code="a">CPL</subfield>
    <subfield code="b">CPL</subfield>
    <subfield code="c">GEN</subfield>
    <subfield code="d">2026-04-28</subfield>
    <subfield code="g">15.00</subfield>
    <subfield code="o">339.5 : 658.562 &#x10D7;-67</subfield>
    <subfield code="p">74415</subfield>
    <subfield code="r">2026-04-28</subfield>
    <subfield code="t">74415</subfield>
    <subfield code="w">2026-04-28</subfield>
    <subfield code="y">&#x1CAC;&#x1C98;&#x1C92;&#x1C9C;&#x1C98;</subfield>
    <subfield code="z">15 &#x10DA;.</subfield>
  </datafield>
</record>
